[Event "49th Bosna Tournament 2019"]
[Site "Sarajevo/"]
[Date "2019.05.02"]
[Round "8.1"]
[White "Kjartansson, Gudmundur"]
[Black "Predojevic, Borki"]
[Result "0-1"]
[WhiteElo "2444"]
[BlackElo "2621"]
[Annotator "TA"]
[PlyCount "76"]
[EventDate "2019.03.31"]
[EventType "swiss"]
[EventCountry "BIH"]
[SourceTitle "playchess.com"]
[Source "ChessBase"]
[SourceQuality "1"]

{[%evp 10,76,-11,1,11,3,14,11,12,6,11,5,14,6,89,89,108,118,111,97,118,119,171,161,183,92,90,94,92,94,97,86,114,-4,-4,0,-4,-4,0,-140,-139,-128,-121,-687,-507,-681,-533,-2292,-882,-2337,-2262,-2062,-1331,-1360,-1344,-1292,-1259,-1383,-1410,-4810,-4493,-2475,-2416,-5836,-5735,-29980,-29980,-29958,-5795]} 1. d4 Nf6 2. c4 e6 3. Nc3 Bb4 4. f3 c5 5. d5 O-O 6. e4 b5 {E20: Nimzo-Indian: 4 g3 and 4 f3} 7. e5 Ne8 8. f4 exd5 {The position is equal.} 9. cxd5 d6 10. Nf3 c4 11. a4 $36 {[%mdl 2048] White has good play.} bxa4 $146 (11... Bg4 $11 {remains equal.}) ({Predecessor:} 11... Nd7 12. Be2 Qb6 13. axb5 dxe5 14. fxe5 {½-½ (54) Mamedyarov,S (2791)-Harikrishna,P (2733) Antalya 2017}) 12. Bxc4 $16 dxe5 13. fxe5 {Threatens to win with 0-0.} (13. Qxa4 $6 e4 $11) 13... Bg4 {And now ...Bxf3 would win.} 14. O-O $1 {Strongly threatening Qd4.} (14. Qxa4 $6 Bxf3 15. O-O (15. Qxb4 Bxg2 16. Rf1 a5 $15) 15... Bc5+ 16. Kh1 Bh5 $11) 14... Nd7 15. Bf4 ({Resist} 15. Qxa4 $6 Bc5+ 16. Kh1 Bxf3 $11) (15. Rxa4 $6 Bxf3 16. Qxf3 (16. Rxf3 Bc5+ 17. Kh1 Nxe5 $11) 16... Nxe5 $11) 15... Nb6 (15... Qc7 $16 16. Qe2 Bxc3 17. bxc3 Nef6) 16. Ba2 $18 a3 17. Qb3 ({White should play} 17. Ne4 $1 $18) 17... axb2 $16 18. Rad1 $1 ({Don't play} 18. Qxb2 Bxc3 19. Qxc3 Nxd5 $11) 18... Bxc3 19. Qxc3 Nc7 {[%cal Rc7d5]} 20. d6 Ne6 21. Bg3 (21. Be3 $16) 21... Na4 $11 22. Qc4 $1 {[%csl LRa4,LRg4]} Bxf3 $1 23. Rxf3 Qd7 24. Qg4 {[#]} (24. Ra3 $11 Nac5 25. Bb1) 24... Rac8 $1 $17 {White must now prevent ...Nc3.} 25. Be1 ({Don't go for} 25. Rxf7 $2 Rxf7 26. Bxe6 {[#]} Rc1 $3 $19 {[%mdl 512]}) 25... Rc1 26. Ra3 $2 {[%mdl 8192]} (26. Rf1 $17) 26... Rfc8 27. Bd2 R8c2 {Hoping for ...Rxd2.} 28. Bh6 Rxd1+ 29. Qxd1 Qc6 {[%csl Gc2][%cal Rc6g2]} 30. Qf3 Qxf3 31. gxf3 gxh6 32. Rxa4 $19 {[%mdl 4096] Endgame KRB-KRN} Rc1+ 33. Kf2 Ra1 34. Bxe6 Rxa4 35. Bf5 Kf8 36. Ke3 Ra1 37. f4 b1=Q 38. Bxb1 Rxb1 {Accuracy: White = 40%, Black = 72%.} 0-1

[Event "49th Bosna Tournament 2019"]
[Site "Sarajevo/"]
[Date "2019.05.02"]
[Round "8.2"]
[White "Kozul, Zdenko"]
[Black "Sadikhov, Ulvi"]
[Result "0-1"]
[WhiteElo "2589"]
[BlackElo "2479"]
[Annotator "TA"]
[PlyCount "104"]
[EventDate "2019.03.31"]
[EventType "swiss"]
[EventCountry "BIH"]
[SourceTitle "playchess.com"]
[Source "ChessBase"]
[SourceQuality "1"]

{[%evp 11,104,43,57,46,46,46,68,60,72,68,68,64,62,68,79,58,64,53,70,66,70,65,66,68,68,68,68,68,78,78,70,63,66,55,53,50,55,29,45,37,39,20,44,35,37,29,31,25,27,0,0,0,0,0,0,0,0,0,67,0,0,0,3,0,0,-123,-112,-101,-79,-431,-427,-416,-422,-388,-383,-1627,-1254,-1645,-1623,-1591,-1564,-1302,-1270,-1084,-576,-1205,-468,-606,-606,-607,-600,-1075,-1068,-1045,-1018]} 1. d4 Nf6 2. Nf3 g6 3. c4 Bg7 4. Nc3 d6 5. e4 Bg4 6. Be2 Nfd7 7. Ng1 {E90: King's Indian: Classical: Early deviations and 6 h3} (7. d5 Nc5 8. Nd4 Bxe2 9. Ndxe2 a5 10. Be3 Nbd7 11. Qd2 a4 12. O-O O-O 13. f4 e6 14. Bd4 Bxd4+ 15. Nxd4 {½-½ (48) Gupta,A (2610)-Ehlvest,J (2536) chess.com INT 2018}) 7... Bxe2 8. Ngxe2 c5 9. d5 {White is slightly better.} O-O 10. O-O Na6 11. Bg5 Nc7 12. a4 $146 {[%cal Ba2a4,Ba4a5,Ba5b6][%mdl 32]} ({Predecessor:} 12. Qd2 a6 {1-0 (52) Peng,Z (2379)-Olafsson,F (2428) Amsterdam 2011}) 12... a6 13. Qd2 Rb8 14. a5 $1 b5 15. axb6 $1 Rxb6 16. Ra3 Re8 17. b3 Qb8 18. Qc2 e6 19. h3 exd5 20. exd5 f5 21. Re1 Ne5 22. Bd2 Qd8 23. Nf4 Qh4 {next ...Nf3+! is good for Black.} 24. Nd3 Rbb8 25. Nxe5 Bxe5 26. Nd1 Re7 27. Kf1 Rbe8 28. Qd3 Kf7 29. Ra2 Rb8 30. Re2 Ne8 31. Rxa6 Reb7 32. Ra3 Nf6 33. Be1 Qd4 34. Re3 Ne4 ({Black should try} 34... Qh4 $11) 35. Qe2 (35. Qc2 $14 Bf4 36. Re2) 35... Bf4 $1 $11 {[%cal Rf4e3]} 36. Rd3 $1 {[%cal Rd3d4]} ({Not} 36. Bc3 $2 Nxc3 37. Rxc3 Re8 $19) 36... Qf6 37. Qa2 Re8 {Threatens to win with ...Qe5.} 38. Ra7 (38. Nc3 $11 {remains equal.}) 38... Rxa7 $17 39. Qxa7+ Re7 40. Qa2 $2 {[%mdl 8192]} (40. Qa5 $17 {is more resistant.}) 40... Qe5 $1 $19 {( -> ...Ng3+!)} 41. Ne3 {[#]} Bxe3 $1 42. Rxe3 Qh2 43. Qa1 $2 (43. Qc2 Ng3+ {[%mdl 64] Deflection} 44. fxg3 Rxe3 45. Bf2 Qh1+ 46. Bg1 Re1+ {[%mdl 64] Deflection, Decoy} 47. Kxe1 Qxg1+ 48. Kd2 Qxg2+ {[%mdl 64] Double Attack} 49. Kd1 Qf1+ 50. Kd2 Qg2+ 51. Kc1 Qxg3 52. Qe2 Qc3+ 53. Kd1 Qxb3+ 54. Kc1 Qc3+ 55. Kb1) 43... f4 {Black is clearly winning.} 44. Qh8 fxe3 45. Qxh7+ Ke8 46. Qxg6+ Kd7 47. fxe3 Qe5 48. Qg8 Nf6 (48... Ng5 $142 49. Qa8 Rf7+ 50. Bf2 Ne4 51. Qb7+ {[#]} Ke8 $1 {[%mdl 512]} 52. Qc8+ Ke7) 49. Qa8 {Strongly threatening Qc6+.} Qf5+ 50. Kg1 Rxe3 {[%mdl 64] Double Attack} 51. Bh4 Qf4 52. Qh8 Re7 {Accuracy: White = 58%, Black = 76%.} 0-1

[Event "49th Bosna Tournament 2019"]
[Site "Sarajevo/"]
[Date "2019.05.02"]
[Round "8.3"]
[White "Brkic, Ante"]
[Black "Kadric, Denis"]
[Result "1/2-1/2"]
[WhiteElo "2560"]
[BlackElo "2542"]
[Annotator "TA"]
[PlyCount "56"]
[EventDate "2019.03.31"]
[EventType "swiss"]
[EventCountry "BIH"]
[SourceTitle "playchess.com"]
[Source "ChessBase"]
[SourceQuality "1"]

{[%evp 19,56,30,23,25,21,3,12,0,0,0,0,0,0,0,5,12,9,8,13,9,19,4,9,12,32,10,63,0,0,0,0,0,0,-2,4,0,4,8,8]} 1. e4 d6 2. d4 Nf6 3. Nc3 e5 4. Nf3 Nbd7 5. Bc4 Be7 6. a4 O-O 7. O-O c6 8. h3 h6 9. Re1 Re8 10. Ba2 a5 11. Be3 {C41: Philidor Defence} exd4 12. Bxd4 Nf8 $1 {[%cal Bd7f8,Bf8e6,Be6c5][%mdl 32]} 13. Qd3 $146 ({Predecessor:} 13. Nd2 Be6 14. Nc4 N8d7 15. f4 d5 16. f5 Bxf5 17. exd5 Bb4 18. Rxe8+ Qxe8 19. dxc6 bxc6 {½-½ (43) Petrov,M (2470)-Moranda,W (2590) Belgium 2017}) 13... Be6 14. Bxe6 Nxe6 15. Be3 Nd7 16. Nd4 Nec5 17. Qd2 Bf8 18. Nf5 Qf6 19. Ng3 Qg6 20. Rad1 Rad8 21. Qe2 Nb6 22. b3 d5 (22... Nbd7 $11) 23. exd5 (23. Qg4 $14) 23... Nxd5 $11 {The position is equal.} 24. Nxd5 cxd5 25. c3 Nxb3 {...Qc6 is the strong threat.} 26. Qb5 d4 27. cxd4 Bb4 28. Re2 Nc5 $1 {Accuracy: White = 68%, Black = 54%.} 1/2-1/2

[Event "49th Bosna Tournament 2019"]
[Site "Sarajevo/"]
[Date "2019.05.02"]
[Round "8.4"]
[White "Sutkovic, Damir"]
[Black "Djukic, Nikola"]
[Result "1/2-1/2"]
[WhiteElo "2350"]
[BlackElo "2566"]
[Annotator "TA"]
[PlyCount "62"]
[EventDate "2019.03.31"]
[EventType "swiss"]
[EventCountry "BIH"]
[SourceTitle "playchess.com"]
[Source "ChessBase"]
[SourceQuality "1"]

{[%evp 9,62,-9,-10,-2,28,20,43,42,50,34,93,34,64,65,82,62,69,81,66,75,68,52,108,110,198,159,189,75,76,0,0,0,346,332,274,131,123,133,122,113,149,169,160,175,165,164,168,171,168,0,0,0,0,0,0]} 1. d4 Nf6 2. Nc3 d5 3. Bf4 g6 4. Qd2 Bg7 5. Bh6 Bxh6 6. Qxh6 {D01: Veresov Opening} c5 7. dxc5 Qa5 {Threatens to win with ...d4.} 8. e3 {White is slightly better.} Nc6 9. Bb5 $146 ({Predecessor:} 9. O-O-O Qxc5 10. Nf3 Bg4 11. Qf4 Bxf3 12. gxf3 O-O 13. Kb1 {1-0 (67) Vishnu,P (2536)-Nunn,J (2578) London 2017}) 9... Bd7 (9... a6 $14 10. Bxc6+ bxc6) 10. Nge2 ({Better is} 10. a3 $16) 10... Ne5 11. Qf4 Bxb5 12. b4 $1 {[%cal Rb4a5]} (12. Qxe5 $6 Bxe2 13. Kxe2 Qxc5 $11) 12... Qa6 $1 {Hoping for ...Ned7.} 13. Qxe5 Bxe2 14. Nxe2 O-O 15. Qxe7 Ne4 (15... Rad8 $14) 16. Qe5 $1 $16 Qb5 (16... b6 $16 {keeps fighting.}) 17. Rb1 a5 18. Nc3 (18. f3 $1 $18 {[%cal Rf3e4] is the precise move to win.} Nxc5 19. Nc3 (19. Qxd5 axb4 20. Qd4 Ne6 $14)) 18... Qc4 {[#]} 19. Nxd5 (19. Nxe4 $1 $16 dxe4 20. a3) 19... Rfe8 $1 $11 {[%cal Re8e5]} 20. Nb6 Qb5 $2 {[%mdl 8192]} (20... Qxc2 $11 21. Qb2 Qd3 22. Nxa8 Nc3) 21. a4 $18 Qa6 22. b5 (22. Qd4 $18 {and White stays clearly on top.} axb4 23. Qxb4 (23. Nxa8 Nc3 $18)) 22... Rxe5 $16 23. bxa6 Rxa6 24. Nd7 Rf5 {[#]} 25. f3 $1 {[%cal Rf3e4]} ({Much weaker is} 25. Rxb7 $6 Rxf2 26. Rb6 Ra8 $11) 25... Nxc5 26. e4 $36 {[%mdl 2048] White has strong initiative.} Rg5 27. h4 Rxg2 28. Nxc5 Rc6 29. Nxb7 $2 ({White should try} 29. Kf1 $18 Rxc2 30. Nxb7) 29... Rcxc2 $11 {The position is equal.} 30. Nxa5 {Black must now prevent Nb3.} Rce2+ 31. Kd1 {Strongly threatening Rb4.} Rd2+ {Accuracy: White = 55%, Black = 38%.} 1/2-1/2

[Event "49th Bosna Tournament 2019"]
[Site "Sarajevo/"]
[Date "2019.05.02"]
[Round "8.5"]
[White "Nestorovic, Nikola"]
[Black "Marn, Jan"]
[Result "1-0"]
[WhiteElo "2473"]
[BlackElo "2150"]
[Annotator "ChessBase"]
[PlyCount "55"]
[EventDate "2019.03.31"]
[EventType "swiss"]
[EventCountry "BIH"]
[SourceTitle "playchess.com"]
[Source "ChessBase"]
[SourceQuality "1"]
[TimeControl "40/5400+30:1800+30"]

1. e4 {[%emt 0:00:00]} e5 {[%emt 0:00:00]} 2. Nf3 {[%emt 0:00:00]} Nc6 {[%emt 0:00:00]} 3. d4 {[%emt 0:00:00]} exd4 {[%emt 0:00:00]} 4. Nxd4 {[%emt 0:00:00]} Nf6 {[%emt 0:00:07]} 5. Nxc6 {[%emt 0:00:00]} bxc6 {[%emt 0:00:06]} 6. e5 {[%emt 0:00:00]} Qe7 {[%emt 0:00:05]} 7. Qe2 {[%emt 0:00:03]} Nd5 {[%emt 0:00:06]} 8. h4 {[%emt 0:00:07]} a5 {[%emt 0:10:04]} 9. c4 {[%emt 0:01:45]} Nb6 {[%emt 0:00:59]} 10. g3 {[%emt 0:12:44]} Qb4+ {[%emt 0:21:30]} 11. Nd2 {[%emt 0:01:16]} Ba6 {[%emt 0:00:18]} 12. a3 {[%emt 0:11:16]} Qe7 {[%emt 0:05:59]} 13. b3 {[%emt 0:01:37]} O-O-O {[%emt 0:09:07]} 14. Bb2 {[%emt 0:00:12]} a4 {[%emt 0:01:49]} 15. b4 {[%emt 0:04:01]} c5 {[%emt 0:00:59]} 16. bxc5 {[%emt 0:19:39]} Qxc5 {[%emt 0:00:13]} 17. Rc1 {[%emt 0:00:01]} Bb7 {[%emt 0:01:56]} 18. Ne4 {[%emt 0:01:52]} Qa5+ {[%emt 0:00:50]} 19. Bc3 {[%emt 0:00:01]} Qa8 {[%emt 0:00:23]} 20. Bg2 {[%emt 0:00:04]} Bxa3 {[%emt 0:04:40]} 21. Ra1 {[%emt 0:00:03]} Be7 {[%emt 0:00:08]} 22. O-O {[%emt 0:00:12]} f5 {[%emt 0:14:05]} 23. Nd6+ {[%emt 0:08:20]} cxd6 {[%emt 0:00:48]} 24. Bxb7+ {[%emt 0:00:02]} Qxb7 {[%emt 0:00:15]} 25. Rfb1 {[%emt 0:00:03]} Qc6 {[%emt 0:03:48]} 26. c5 {[%emt 0:06:46]} Nd5 {[%emt 0:00:40]} 27. cxd6 {[%emt 0:00:46]} Nxc3 {[%emt 0:01:11]} 28. Qb2 {[%emt 0:00:05]} 1-0

[Event "49th Bosna Tournament 2019"]
[Site "Sarajevo/"]
[Date "2019.05.02"]
[Round "8.6"]
[White "Soysal, Serkan"]
[Black "Klasan, Vladimir"]
[Result "0-1"]
[WhiteElo "2424"]
[BlackElo "2366"]
[Annotator "TA"]
[PlyCount "76"]
[EventDate "2019.03.31"]
[EventType "swiss"]
[EventCountry "BIH"]
[SourceTitle "playchess.com"]
[Source "ChessBase"]
[SourceQuality "1"]

{[%evp 9,76,24,48,8,7,7,13,0,8,8,16,12,9,10,19,18,45,46,47,46,43,45,47,63,68,50,55,28,41,0,0,-19,0,-52,32,-59,0,-68,0,-70,0,0,0,-244,-251,-247,-221,-276,-272,-399,-390,-409,-415,-400,-386,-402,-349,-646,-645,-604,-621,-1201,-1200,-1185,-1185,-1021,-1080,-29984,-29985]} 1. d4 Nf6 2. c4 c6 3. Bf4 (3. Nf3 b5 4. c5 d6 5. cxd6 exd6 6. Bf4 Nh5 7. Bg5 Be7 8. Bxe7 Qxe7 9. e3 O-O 10. Be2 Nf6 11. O-O {½-½ (51) Gelfand,B (2655)-Rapport,R (2738) Prague 2019}) 3... Qb6 4. Qd2 d5 5. Nc3 Bf5 6. cxd5 {A50: Queen's Fianchetto Defence (1 d4 Nf6 2 c4 b6)} cxd5 7. f3 e6 $146 ({Predecessor:} 7... Nc6 8. e3 a6 9. Nge2 Nb4 10. e4 dxe4 11. Ng3 Qxd4 12. Nxf5 Qxd2+ 13. Kxd2 O-O-O+ 14. Ke2 exf3+ 15. gxf3 {1-0 (31) Baltar,P (1672)-Born,A (1387) Joao Pessoa 2018}) 8. g4 {The position is equal.} Bg6 9. h4 {And now h5 would win.} h6 10. e3 Nc6 11. Kf2 $36 {[%mdl 2048] White has some pressure.} a6 12. Bg3 h5 13. g5 Ng8 14. Nge2 Nge7 15. Nf4 Nf5 16. Nxg6 fxg6 17. Bh3 Bb4 18. a3 Bxc3 19. Qxc3 O-O 20. Rac1 Rac8 {[%cal Rc6d4] White must now prevent ...Ncxd4.} 21. b4 ({White should try} 21. Bxf5 $11 Rxf5 22. Kg2) 21... Kh7 (21... Ncxd4 $15 22. Qxc8 Rxc8 23. Rxc8+ Kh7) 22. Qd3 (22. Bxf5 $14 Rxf5 23. Kg2) 22... Rf7 ({Don't play} 22... Nxg3 23. Kxg3 Rfe8 24. Rc2 $11) (22... e5 $15 23. Bxf5 Rxf5 24. Bxe5 Rcf8) 23. Kg2 (23. Rhf1 $11) 23... Rcf8 (23... Nxg3 $15 24. Kxg3 Re8) 24. Rhf1 ({White should play} 24. Bxf5 $1 $11 Rxf5 25. Bd6) 24... e5 (24... Nxg3 $15 25. Kxg3 e5 26. Rxc6 {[%mdl 64] Remove Defender} Qxc6 27. dxe5 Qc4 28. Qxc4 dxc4) 25. Bxf5 $1 $11 Rxf5 26. Rc5 $2 {[#]} (26. Bxe5 $11 {and White stays safe.} Nxe5 27. dxe5) 26... e4 $1 $19 {[%cal Re4d3][%mdl 512]} 27. Qd2 (27. fxe4 Rxf1) 27... exf3+ 28. Kf2 Qd8 29. Rfc1 (29. Qd3 $142) 29... Qd7 30. a4 R5f7 31. Rh1 b6 32. Rcc1 Ne7 33. Qa2 $2 (33. Bf4) 33... Qg4 34. Rcg1 Rc8 35. Bf4 Qf5 {Threatens to win with ...Rc2+.} 36. Rc1 Rxc1 37. Rxc1 Qh3 {( -> ...Qg2+)} 38. Rg1 {[#]} Rxf4 $1 {[%mdl 512] Accuracy: White = 30%, Black = 47%.} 0-1

[Event "49th Bosna Tournament 2019"]
[Site "Sarajevo/"]
[Date "2019.05.02"]
[Round "8.7"]
[White "Buljubasic, Sabahudin"]
[Black "Savanovic, Aleksandar"]
[Result "1-0"]
[WhiteElo "2347"]
[BlackElo "2423"]
[Annotator "TA"]
[PlyCount "132"]
[EventDate "2019.03.31"]
[EventType "swiss"]
[EventCountry "BIH"]
[SourceTitle "playchess.com"]
[Source "ChessBase"]
[SourceQuality "1"]

{[%evp 23,132,6,40,34,54,48,54,21,24,0,13,-26,-23,-34,-21,-39,2,-22,-12,-38,-36,-47,0,0,0,-30,0,0,0,0,0,0,0,0,0,0,0,-52,-37,-55,-12,-14,-10,-27,0,-20,-28,-20,-20,-17,-30,-845,-16,-45,-24,-109,-95,-227,-224,-387,-403,-391,-386,-498,-525,-440,-372,-799,234,204,404,436,410,398,375,444,402,412,426,429,365,387,418,392,3032,156,137,0,0,0,0,-259,-258,-252,-229,-5097,-540,-427,-177,-229,-211,-670,-627,-570,-330,-317,-326,-290,-289,-224,-183]} 1. e4 e5 2. Nf3 Nc6 3. Bc4 Bc5 4. d3 Nf6 5. O-O d6 6. c3 O-O 7. h3 a6 8. Bb3 Ba7 9. Nbd2 h6 10. Re1 Nh5 11. Nf1 Qf6 12. Be3 Nf4 13. Ng3 {C54: Giuoco Piano: 4 c3 Nf6, main lines with 5 d4 and 5 d3} g6 14. d4 h5 {[#]} 15. Rc1 $146 {White is slightly better.} ({Predecessor:} 15. a4 a5 16. Bc4 Ne7 17. Nh2 Be6 18. Ba2 Bxa2 19. Rxa2 c5 20. Nf3 cxd4 21. cxd4 {½-½ (44) Delchev,A (2637)-Almasi,Z (2672) Sibenik 2006}) 15... Na5 {[%cal Bc6a5,Ba5c4,Bc4e3][%mdl 32]} 16. Bc2 Nc4 17. b3 (17. Bxf4 $5 Qxf4 18. Qe2 $11) 17... Nxe3 18. fxe3 Ne6 19. Rf1 Qh8 20. Qe1 Qh6 21. Kh2 Ng5 22. Nh4 f6 23. Qe2 Be6 24. Rf2 Rae8 25. Rcf1 Nh7 26. Bd3 c6 27. d5 Bd7 28. dxc6 bxc6 29. Re1 a5 30. Bc4+ (30. b4 $1 $11) 30... Kh8 $15 31. Rd1 Bb8 (31... Qg5 $5 {[%cal Rg5h4]} 32. Rxd6 Re7 $11) 32. b4 axb4 33. cxb4 Bc8 34. b5 d5 35. Bb3 $1 d4 36. bxc6 dxe3 37. Nxh5 $2 {[%mdl 8192]} (37. Ngf5 $11 gxf5 38. Nxf5) 37... gxh5 $2 (37... exf2 $19 38. Qxf2 Qxh5) 38. Nf5 Qg5 39. Rf3 (39. h4 $11 Qg4 40. Qxg4 hxg4 41. Nxe3) 39... h4 $17 40. Nxe3 (40. Kh1 $17) 40... f5 $19 41. Bd5 $2 (41. Nd5) 41... fxe4 42. Rxf8+ Rxf8 (42... Nxf8 43. Bxe4 Ng6 44. Kh1 $17) 43. Kh1 Nf6 44. Rf1 Kg7 45. Qb2 $2 (45. Qd2 Nxd5 {[%mdl 64] Pin} 46. Rxf8 Kxf8 47. Qxd5) 45... Ba7 $4 {[%mdl 8192]} (45... Bd6 $19 46. Re1 Bc5) 46. Qa3 $18 {White threatens Qe7+ and mate.} Bxe3 $2 (46... Rf7 {was worth a try.} 47. Bxf7 (47. Nf5+ Bxf5 48. Bxf7 Bf2 $16) 47... Bxe3) 47. Qe7+ Kg6 48. Qxf8 {White wants to mate with Qf7+.} Bf4 49. Bf7+ (49. Qxc8 Qg3 $11) 49... Kh7 50. Qxc8 e3 51. c7 {Hoping for Bc4.} e2 {[%cal Re2f1]} 52. Re1 $1 {aiming for Qe6.} Kg7 53. g4 $1 hxg3 $2 (53... e4 54. Be6 Qa5 55. Rxe2 Qa3 56. Qf8+ {[%mdl 64] Clearance, Promotion} Qxf8) 54. Kg2 $2 (54. Rxe2 $18 e4 55. Qd8 Bxc7 56. Qxc7) 54... e4 $16 {Strongly threatening ...Qc5!} 55. Qb7 ({Reject} 55. Rxe2 $6 Qb5 $11) (55. Be6 $1 $16 {Threatens to win with Qb7.} Qc5 56. Qh8+ $1 {[%mdl 512]} (56. Rxe2 Bxc7 57. Bb3 Qe5 $16) 56... Kg6 57. Bf5+ $1 {[%mdl 512]} (57. Rxe2 Bxc7 58. Qh4 Qc6 $11) 57... Kf7 58. Qf8+ $1 {[%mdl 576] Decoy, Promotion} (58. Rxe2 Bxc7 59. Qc8 Qc6 $11) 58... Kxf8 59. c8=Q+ Qxc8 60. Bxc8) 55... Qc5 $40 {[%mdl 128] ( -> ...Qf2+). Black is up to no good.} 56. Rxe2 Bxc7 {...Bb6 is the strong threat.} 57. Qb3 $2 {[%mdl 8192]} (57. Bb3 $11 Nh5 58. Qxe4 Nf4+ {[%mdl 64] Double Attack} 59. Kf1) 57... Bb6 $19 {[%csl Gb6][%cal Rc5g1]} 58. Qxg3+ Kxf7 {[%csl Gb6][%cal Rc5g1]} 59. Qb3+ $2 (59. Re1) 59... Ke7 (59... Nd5 $142 {[%csl Gb6][%cal Rc5g1]} 60. h4 Qg1+ 61. Kh3 Qf1+ 62. Rg2 Ke6) 60. Qb1 Qd4 (60... Qg5+ $142 61. Kh1 Qf5 62. Qb4+ Ke8 63. Qa4+ Kf8 64. Qb4+ Ke8 65. Qa4+ Kf8 66. Qb4+ Ke8) 61. a3 (61. a4 $142) 61... Bc5 62. Qb7+ $2 (62. Rc2) 62... Ke6 {[%csl Gc5][%cal Rd4g1]} 63. Qc8+ Kf7 {[%csl Gc5][%cal Rd4g1]} 64. Qc7+ {[#]} Kg6 $1 {[%csl Gc5][%cal Rd4g1]} 65. Qg3+ {[#]} Kf5 $1 {[%csl Gc5][%cal Rd4g1]} 66. Re1 Qd5 {[%mdl 32768] Accuracy: White = 35%, Black = 51%. . Loss on time!?} 1-0

[Event "49th Bosna Tournament 2019"]
[Site "Sarajevo/"]
[Date "2019.05.02"]
[Round "8.8"]
[White "Borsuk, Konstantin"]
[Black "Bistric, Faruk"]
[Result "1-0"]
[WhiteElo "2368"]
[BlackElo "2347"]
[Annotator "NA"]
[PlyCount "79"]
[EventDate "2019.03.31"]
[EventType "swiss"]
[EventCountry "BIH"]
[SourceTitle "playchess.com"]
[Source "ChessBase"]
[SourceQuality "1"]
[TimeControl "40/5400+30:1800+30"]

1. d4 e6 2. c4 c5 3. d5 exd5 4. cxd5 d6 5. Nc3 Ne7 6. h4 Nd7 7. e4 a6 8. h5 b5 9. g4 h6 10. Be2 g5 11. hxg6 Nxg6 12. Be3 Bg7 13. Nh3 Nb6 14. f4 b4 15. Na4 Nxa4 16. Qxa4+ Bd7 17. Qc2 Qh4+ 18. Kd2 Qf6 19. f5 Ne5 20. Nf4 Qd8 21. Nh5 Bf8 22. Rag1 Bb5 23. g5 Bxe2 24. Kxe2 Qe7 25. f6 Qd7 26. Ng7+ Kd8 27. gxh6 Rh7 28. Bf4 Qb5+ 29. Kf2 Nd3+ 30. Kf3 c4 31. Nf5 Kd7 32. Qh2 Re8 33. Bxd6 Rxh6 34. Nxh6 Bxd6 35. Qh3+ Kc7 36. Nxf7 Rxe4 37. Qc8+ Kb6 38. Kxe4 Nf2+ 39. Kd4 c3 40. Qb7+ 1-0

[Event "49th Bosna Tournament 2019"]
[Site "Sarajevo/"]
[Date "2019.05.02"]
[Round "8.9"]
[White "Trkulja, Goran"]
[Black "Ozen, Deniz"]
[Result "0-1"]
[WhiteElo "2309"]
[BlackElo "2403"]
[Annotator "ChessBase"]
[PlyCount "102"]
[EventDate "2019.03.31"]
[EventType "swiss"]
[EventCountry "BIH"]
[SourceTitle "playchess.com"]
[Source "ChessBase"]
[SourceQuality "1"]
[TimeControl "40/5400+30:1800+30"]

1. e4 Nf6 2. e5 Nd5 3. d4 d6 4. Nf3 g6 5. h4 Bg4 6. Be2 Nc6 7. e6 fxe6 8. Ng5 Bxe2 9. Qxe2 Nxd4 10. Qe4 c5 11. Nxh7 Rxh7 12. Qxg6+ Rf7 13. h5 Nc6 14. f4 Bg7 15. h6 Bh8 16. c4 Nf6 17. g4 Nxg4 18. Qxg4 Kd7 19. h7 Bd4 20. Rh6 Rg7 21. Qxe6+ Kc7 22. Nd2 Qh8 23. Qe4 Rg1+ 24. Nf1 Rf8 25. Be3 Bxe3 26. Qxe3 Rg7 27. O-O-O Rxh7 28. Re6 Rhf7 29. Re4 Kb8 30. Ng3 Qg7 31. Re1 a6 32. a3 Ka8 33. Kb1 e5 34. Ne2 Qg2 35. Rg1 Qh2 36. Rf1 Nd4 37. Nc3 Rxf4 38. Rc1 Qh7 39. Ka2 Rf3 40. Qe1 R3f4 41. Rxf4 exf4 42. Nd5 f3 43. Qa5 Kb8 44. Qb6 Nc6 45. Qb3 f2 46. Rf1 Qe4 47. Nb6 Nd4 48. Qg3 Qf4 49. Qg7 Ka7 50. Nd5 Qf3 51. Nc3 Qd3 0-1

[Event "49th Bosna Tournament 2019"]
[Site "Sarajevo/"]
[Date "2019.05.03"]
[Round "9.1"]
[White "Predojevic, Borki"]
[Black "Brkic, Ante"]
[Result "1/2-1/2"]
[WhiteElo "2621"]
[BlackElo "2560"]
[Annotator "TA"]
[PlyCount "40"]
[EventDate "2019.03.31"]
[EventType "swiss"]
[EventCountry "BIH"]
[SourceTitle "playchess.com"]
[Source "ChessBase"]
[SourceQuality "1"]

{[%evp 23,39,0,4,9,11,12,12,11,18,14,14,12,14,14,15,14,14,14]} 1. e4 e5 2. Nf3 Nc6 3. Bb5 Nf6 4. O-O Nxe4 5. d4 Nd6 6. dxe5 Nxb5 7. a4 Nbd4 8. Nxd4 Nxd4 9. Qxd4 d5 10. exd6 Qxd6 11. Qe4+ Qe6 12. Qd4 Qd6 {The position is equal.} 13. Qe3+ {C67: Ruy Lopez: Berlin Defence: 4 0-0 Nxe4} Be7 14. Nc3 {Threatening Rd1.} c6 15. Re1 Be6 16. Ne4 Qe5 17. Ng5 Qxg5 18. Qxg5 Bxg5 19. Bxg5 O-O 20. a5 {[#]} {Predecessor:} Rfe8 $146 1/2-1/2